000 00595nam a2200181 i 4500
001 104074
003 ES-MaACL
005 20250817062554.0
007 t|
008 051122s1978 sp ||||1| spa d
100 1 _aMeya Llopart, Monserrat.
_980774
245 1 0 _aProcesamiento de datos lingüísticos
_b: modelo de traducción automática del español al alemán /
_cMonserrat Meya Llopart.
260 _aMadrid :
_bFundación Juan March,
_c1978.
300 _a47 p. ;
_c21 cm.
710 2 _aFundación Juan March
_94346
852 _aES-MaACL
_j2110-F-10
_bR.98563
999 _c104074
_d104074